Vývoj obyvateľstva v Prešovskom kraji v roku ...

Bibliographic Details
Main Authors: Kozoň, Ján, Šoltisová, Zuzana (Author), Trybulová, Mária (Author), Horaničová, Zuzana (Author)
Format: Serial
Language:Slovak
PhysicalDescription:zv. grafy, mapy, tab. 30 cm
Published: Prešov Štatistický úrad Slovenskej republiky - pracovisko ŠÚ v Prešove
ISBN:9788081210198
9788081210655
9788081211737
Series:Demografia a sociálna štatistika
Subjects:

MARC

LEADER 00000cas a2200000 a 4500
001 vtls010176203
003 SK-MaSNL
005 20260228160327.0
008 180801u200u9999xo ar 000 b0slo
015 |a SNBB2016-(r. 2009, r. 2010, r. 2011) 
020 |a 9788081210198  |q (brož. : r. 2009) 
020 |a 9788081210655  |q (brož. : r. 2010) 
020 |a 9788081211737  |q (brož. : r. 2011) 
040 |a SVKBB  |b slo  |c SVKBB  |d SNK  |e AACR2 
041 0 |a slo 
043 |a e-xo--- 
044 |a xo  |c SK 
072 7 |a 314  |x Demografia. Populácia  |2 konspekt 
080 |a 314  |2 2001 
080 |a 314.116  |2 2001 
080 |a (083.41)  |2 2001 
080 |a (437.671)  |2 2011 
080 |a (058)  |2 2001 
100 1 |a Kozoň, Ján  |9 266416 
245 1 0 |a Vývoj obyvateľstva v Prešovskom kraji v roku ... 
246 1 3 |a Vývoj obyvateľstva v Prešovskom kraji  |f 2010- 
260 |a Prešov  |b Štatistický úrad Slovenskej republiky - pracovisko ŠÚ v Prešove 
300 |a zv.  |b grafy, mapy, tab.  |c 30 cm 
310 |a 1x ročne 
490 1 |a Demografia a sociálna štatistika 
500 |a Autori publikácie: 2009, Ján Kozoň, Zuzana Šoltisová ; 2010, Zuzana Šoltisová, Mária Trybulová, Zuzana Horaničová ; 2011, Mária Trybulová, Zuzana Šoltisová 
500 |a Popis podľa: r. 2009 (vydané v r. 2010) 
500 |a Súčasťou názvu je označenie roku 
650 0 7 |a obyvateľstvo  |2 SNKPH  |9 4654 
650 0 7 |a demografický vývoj  |2 SNKPH  |9 3826 
650 0 7 |a Population  |2 SNKPHeng  |9 265816 
650 0 7 |a Demographic transition  |2 SNKPHeng  |9 265579 
651 7 |a Prešovský kraj (Slovensko)  |2 SNKPH  |9 161504 
651 7 |a Prešovský kraj (Slovensko)  |2 SNKPHeng  |9 161504 
655 7 |a štatistiky  |2 SNKPH  |9 70182 
655 7 |a Statistics  |2 SNKPHeng  |9 265580 
655 7 |a ročenky  |2 SNKPH  |9 57146 
655 7 |a Yearbooks  |2 SNKPHeng  |9 120938 
700 1 |a Šoltisová, Zuzana  |4 aut  |9 266417 
700 1 |a Trybulová, Mária  |4 aut  |9 266418 
700 1 |a Horaničová, Zuzana  |4 aut  |9 266419 
830 0 |a Demografia a sociálna štatistika  |9 266420 
852 |a Štátna vedecká knižnica v Banskej Bystrici 
910 |a svkbb 
910 |a snk 
919 |a 978-80-8121-019-8 
919 |a 978-80-8121-065-5 
919 |a 978-80-8121-173-7 
999 |c 2156  |d 4086 
952 |0 0  |1 0  |4 0  |7 0  |8 0  |a SNK  |b SNK  |d 2016-02-23  |i snk2016/5156  |l 0  |o snkČSB 6091/2009  |p 17A0672764  |r 2026-02-21 22:02:41  |w 2026-02-21  |y PREZ 
952 |0 0  |1 0  |4 0  |7 0  |8 0  |a SNK  |b SNK  |d 2016-02-23  |i snk2016/5160  |l 0  |o snkČSB 6091/2010  |p 17A1098247  |r 2026-02-21 22:02:41  |w 2026-02-21  |y PREZ 
952 |0 0  |1 0  |4 0  |7 0  |8 0  |a SNK  |b SNK  |d 2016-02-23  |i snk2016/5166  |l 0  |o snkČSB 6091/2010 D1  |p 17A1098246  |r 2026-02-21 22:02:41  |w 2026-02-21  |y PREZ 
952 |0 0  |1 0  |4 0  |7 0  |8 0  |a SNK  |b SNK  |d 2016-02-23  |i snk2016/5171  |l 0  |o snkČSB 6091/2011  |p 17A1057586  |r 2026-02-21 22:02:41  |w 2026-02-21  |y PREZ 
952 |0 0  |1 0  |4 0  |7 0  |8 0  |a SNK  |b SNK  |d 2016-02-23  |i snk2016/5172  |l 0  |o snkČSB 6091/2011 D1  |p 17A1057585  |r 2026-02-21 22:02:41  |w 2026-02-21  |y PREZ